[Event "WCO 2016"]
[Site "?"]
[Date "2016.09.11"]
[Round "9"]
[Board "2"]
[WhiteID "7105002"]
[White "Faruq Afifa Ayyun"]
[BlackID "4403061"]
[Black "Chirivi C Jenny Astrid"]
[Result "0-1"]
[BlackElo "2209"]
[WhiteElo "1667"]
[LiveChessVersion "1.4.8"]

1. e4 {[%clk 1:30:55]} c5 {[%clk 1:30:55]} 2. Nf3 {[%clk 1:31:18]} e6
{[%clk 1:31:15]} 3. d4 {[%clk 1:31:40]} cxd4 {[%clk 1:31:39]} 4. Nxd4
{[%clk 1:32:04]} a6 {[%clk 1:32:02]} 5. c4 {[%clk 1:32:19]} Nf6 {[%clk 1:31:56]}
6. Nc3 {[%clk 1:31:36]} Qc7 {[%clk 1:31:24]} 7. a3 {[%clk 1:30:58]} b6
{[%clk 1:31:08]} 8. Be3 {[%clk 1:28:52]} Bb7 {[%clk 1:30:52]} 9. Bd3
{[%clk 1:28:52]} Nc6 {[%clk 1:26:53]} 10. Nxc6 {[%clk 1:27:15]} Bxc6
{[%clk 1:22:15]} 11. O-O {[%clk 1:25:37]} Be7 {[%clk 1:18:01]} 12. Qe2
{[%clk 1:21:43]} d6 {[%clk 1:13:28]} 13. Rfc1 {[%clk 1:15:44]} Qb7
{[%clk 1:10:29]} 14. f3 {[%clk 1:12:35]} Nd7 {[%clk 1:00:21]} 15. b4
{[%clk 1:04:43]} Ne5 {[%clk 1:00:35]} 16. b5 {[%clk 1:03:10]} Nxd3
{[%clk 0:52:37]} 17. Qxd3 {[%clk 1:01:53]} axb5 {[%clk 0:51:35]} 18. cxb5
{[%clk 1:00:57]} Bd7 {[%clk 0:51:25]} 19. Qd4 {[%clk 0:47:08]} O-O
{[%clk 0:51:41]} 20. Qxb6 {[%clk 0:44:28]} Qxb6 {[%clk 0:51:06]} 21. Bxb6
{[%clk 0:42:46]} Bg5 {[%clk 0:51:05]} 22. Rd1 {[%clk 0:31:50]} Rfb8
{[%clk 0:33:49]} 23. Bc7 {[%clk 0:24:21]} Be3+ {[%clk 0:33:33]} 24. Kf1
{[%clk 0:22:09]} Bxb5+ {[%clk 0:32:55]} 25. Nxb5 {[%clk 0:17:27]} Rxb5
{[%clk 0:33:17]} 26. Bxd6 {[%clk 0:17:24]} Rb2 {[%clk 0:32:24]} 27. Bg3
{[%clk 0:16:24]} f6 {[%clk 0:31:18]} 28. Rab1 {[%clk 0:14:25]} Rxb1
{[%clk 0:30:22]} 29. Rxb1 {[%clk 0:14:49]} Rxa3 {[%clk 0:30:16]} 30. Ke2
{[%clk 0:14:46]} Bd4 {[%clk 0:29:36]} 31. Rd1 {[%clk 0:13:45]} Bc3
{[%clk 0:26:22]} 32. Bf4 {[%clk 0:12:07]} g5 {[%clk 0:25:13]} 33. Be3
{[%clk 0:11:41]} Kf7 {[%clk 0:24:21]} 34. Rc1 {[%clk 0:08:13]} Ra2+
{[%clk 0:24:19]} 35. Kf1 {[%clk 0:08:21]} Be5 {[%clk 0:24:09]} 36. h3
{[%clk 0:07:39]} Bg3 {[%clk 0:23:20]} 37. Rd1 {[%clk 0:07:52]} h5
{[%clk 0:22:24]} 38. Rd2 {[%clk 0:07:47]} Ra1+ {[%clk 0:20:52]} 39. Ke2
{[%clk 0:08:11]} Re1+ {[%clk 0:20:41]} 40. Kd3 {[%clk 0:38:31]} Bf4
{[%clk 0:48:14]} 41. Re2 {[%clk 0:33:37]} Ra1 {[%clk 0:46:24]} 42. Bf2
{[%clk 0:27:31]} Ra3+ {[%clk 0:44:04]} 43. Kc2 {[%clk 0:27:42]} Be5
{[%clk 0:42:51]} 44. Rd2 {[%clk 0:25:21]} Kg6 {[%clk 0:42:50]} 45. Kd1
{[%clk 0:25:13]} f5 {[%clk 0:33:11]} 46. exf5+ {[%clk 0:25:25]} Kxf5
{[%clk 0:33:29]} 47. Ke2 {[%clk 0:25:25]} g4 {[%clk 0:32:09]} 48. hxg4+
{[%clk 0:25:01]} hxg4 {[%clk 0:32:32]} 49. fxg4+ {[%clk 0:19:47]} Kxg4
{[%clk 0:32:37]} 50. Rc2 {[%clk 0:19:32]} Bf4 {[%clk 0:31:55]} 51. Rb2
{[%clk 0:17:17]} e5 {[%clk 0:31:31]} 52. Rc2 {[%clk 0:17:19]} e4 {[%clk 0:28:30]}
53. Rb2 {[%clk 0:17:37]} Bg5 {[%clk 0:26:50]} 54. Rc2 {[%clk 0:16:55]} Kf4
{[%clk 0:21:34]} 55. Rb2 {[%clk 0:16:52]} Be7 {[%clk 0:20:57]} 56. Rc2
{[%clk 0:17:03]} Bf6 {[%clk 0:20:23]} 57. Bc5 {[%clk 0:14:58]} Rd3
{[%clk 0:18:52]} 58. Bf2 {[%clk 0:14:25]} Rb3 {[%clk 0:18:12]} 59. Ra2
{[%clk 0:14:24]} Be5 {[%clk 0:18:09]} 60. Rc2 {[%clk 0:14:38]} Ra3
{[%clk 0:15:55]} 61. Be1 {[%clk 0:14:11]} Bd4 {[%clk 0:14:31]} 62. Bf2
{[%clk 0:13:20]} e3 {[%clk 0:14:38]} 63. Be1 {[%clk 0:13:40]} Ke4
{[%clk 0:14:57]} 64. Bh4 {[%clk 0:12:19]} Ra6 {[%clk 0:14:35]} 65. Bg5
{[%clk 0:11:23]} Rg6 {[%clk 0:13:54]} 66. Bxe3 {[%clk 0:10:56]} Bxe3
{[%clk 0:14:05]} 67. Rc4+ {[%clk 0:11:11]} Bd4 {[%clk 0:14:26]} 68. Kf1
{[%clk 0:08:16]} Kd3 {[%clk 0:14:36]} 69. Rc1 {[%clk 0:05:26]} Rf6+
{[%clk 0:14:51]} 70. Ke1 {[%clk 0:05:29]} Bc3+ {[%clk 0:15:12]} 0-1

[Event "WCO 2016"]
[Site "?"]
[Date "2016.09.11"]
[Round "9"]
[Board "3"]
[WhiteID "4402472"]
[White "Rivera Ingris"]
[BlackID "7109083"]
[Black "Putri Regita Desyari"]
[Result "1-0"]
[BlackElo "1623"]
[WhiteElo "2201"]
[LiveChessVersion "1.4.8"]

1. d4 {[%clk 1:30:58]} Nf6 {[%clk 1:30:36]} 2. c4 {[%clk 1:31:19]} e6
{[%clk 1:30:53]} 3. Nf3 {[%clk 1:31:39]} b6 {[%clk 1:30:28]} 4. a3
{[%clk 1:31:52]} Bb7 {[%clk 1:29:23]} 5. Nc3 {[%clk 1:31:52]} d5 {[%clk 1:28:13]}
6. Bg5 {[%clk 1:30:18]} Be7 {[%clk 1:26:33]} 7. e3 {[%clk 1:30:19]} O-O
{[%clk 1:24:09]} 8. Rc1 {[%clk 1:29:56]} Nbd7 {[%clk 1:20:34]} 9. cxd5
{[%clk 1:30:03]} exd5 {[%clk 1:20:04]} 10. Bd3 {[%clk 1:29:13]} c5
{[%clk 1:13:35]} 11. O-O {[%clk 1:29:00]} h6 {[%clk 1:12:16]} 12. Bh4
{[%clk 1:29:06]} Ne4 {[%clk 1:08:25]} 13. Bxe7 {[%clk 1:27:17]} Qxe7
{[%clk 1:05:22]} 14. Bb1 {[%clk 1:26:27]} Ndf6 {[%clk 1:00:31]} 15. Qe2
{[%clk 1:20:18]} Rfd8 {[%clk 0:57:42]} 16. Ne5 {[%clk 1:16:06]} Rac8
{[%clk 0:54:51]} 17. f3 {[%clk 1:12:18]} cxd4 {[%clk 0:50:08]} 18. exd4
{[%clk 1:11:16]} Nxc3 {[%clk 0:49:30]} 19. bxc3 {[%clk 1:11:10]} Qxa3
{[%clk 0:20:26]} 20. Qc2 {[%clk 1:09:18]} Qd6 {[%clk 0:19:59]} 21. Ng4
{[%clk 1:08:46]} Kf8 {[%clk 0:19:53]} 22. Rce1 {[%clk 1:06:15]} Re8
{[%clk 0:12:46]} 23. Ne5 {[%clk 0:55:49]} Rc7 {[%clk 0:10:50]} 24. Re3
{[%clk 0:55:42]} Bc8 {[%clk 0:08:56]} 25. Rfe1 {[%clk 0:55:55]} Be6
{[%clk 0:09:01]} 26. g4 {[%clk 0:53:35]} Ke7 {[%clk 0:05:08]} 27. f4
{[%clk 0:48:35]} Kf8 {[%clk 0:02:54]} 28. f5 {[%clk 0:43:16]} Bd7
{[%clk 0:02:46]} 29. Qg2 {[%clk 0:43:15]} Bc8 {[%clk 0:02:00]} 30. g5
{[%clk 0:39:38]} Ne4 {[%clk 0:01:22]} 31. Bxe4 {[%clk 0:36:05]} dxe4
{[%clk 0:01:46]} 32. Qxe4 {[%clk 0:32:02]} Rce7 {[%clk 0:01:24]} 33. f6
{[%clk 0:32:08]} gxf6 {[%clk 0:01:24]} 34. Qh7 {[%clk 0:32:07]} Rxe5
{[%clk 0:01:16]} 35. dxe5 {[%clk 0:31:48]} fxe5 {[%clk 0:01:30]} 36. Qh8+
{[%clk 0:32:06]} Ke7 {[%clk 0:01:48]} 37. Rxe5+ {[%clk 0:32:30]} Be6
{[%clk 0:01:56]} 38. Qf6+ {[%clk 0:27:11]} Kd7 {[%clk 0:02:10]} 39. Qf3
{[%clk 0:26:50]} Kc7 {[%clk 0:02:26]} 40. g6 {[%clk 0:51:48]} Rf8
{[%clk 0:30:36]} 41. g7 {[%clk 0:49:32]} Rd8 {[%clk 0:23:53]} 42. Rxe6
{[%clk 0:48:02]} fxe6 {[%clk 0:24:13]} 43. Qf7+ {[%clk 0:48:28]} 1-0

[Event "WCO 2016"]
[Site "?"]
[Date "2016.09.11"]
[Round "9"]
[Board "1"]
[WhiteID "14300818"]
[White "Frick Denise"]
[BlackID "14609215"]
[Black "Unuk Laura"]
[Result "0-1"]
[BlackElo "2332"]
[WhiteElo "1803"]
[LiveChessVersion "1.4.8"]

1. e4 {[%clk 1:30:56]} e5 {[%clk 1:30:51]} 2. Nf3 {[%clk 1:31:21]} Nc6
{[%clk 1:31:10]} 3. Bb5 {[%clk 1:31:46]} a6 {[%clk 1:31:30]} 4. Bxc6
{[%clk 1:32:09]} dxc6 {[%clk 1:31:50]} 5. O-O {[%clk 1:32:31]} Bg4
{[%clk 1:30:56]} 6. h3 {[%clk 1:32:47]} h5 {[%clk 1:31:17]} 7. d3
{[%clk 1:32:35]} Qf6 {[%clk 1:30:17]} 8. Nbd2 {[%clk 1:26:03]} g5
{[%clk 1:28:47]} 9. Re1 {[%clk 1:17:01]} Be6 {[%clk 1:24:51]} 10. d4
{[%clk 1:10:38]} exd4 {[%clk 1:10:04]} 11. e5 {[%clk 1:09:00]} Qg6
{[%clk 1:09:12]} 12. Nxd4 {[%clk 1:04:05]} O-O-O {[%clk 1:08:40]} 13. Nxe6
{[%clk 0:59:16]} Qxe6 {[%clk 1:01:53]} 14. Qe2 {[%clk 0:50:09]} g4
{[%clk 1:00:00]} 15. Qc4 {[%clk 0:33:42]} Rd5 {[%clk 0:57:28]} 16. Qc3
{[%clk 0:18:20]} Bg7 {[%clk 0:48:56]} 17. f4 {[%clk 0:15:28]} gxf3
{[%clk 0:43:57]} 18. Nxf3 {[%clk 0:15:21]} Ne7 {[%clk 0:43:50]} 19. Bf4
{[%clk 0:14:51]} Ng6 {[%clk 0:42:31]} 20. Bh2 {[%clk 0:11:31]} Rhd8
{[%clk 0:41:56]} 21. Qe3 {[%clk 0:10:57]} Bf8 {[%clk 0:32:58]} 22. Kh1
{[%clk 0:10:43]} Bc5 {[%clk 0:32:56]} 23. Qe2 {[%clk 0:09:16]} Rg8
{[%clk 0:24:29]} 24. c4 {[%clk 0:08:13]} Rdd8 {[%clk 0:23:45]} 25. Rad1
{[%clk 0:07:56]} Rxd1 {[%clk 0:22:59]} 26. Rxd1 {[%clk 0:07:45]} Ne7
{[%clk 0:23:12]} 27. Qd2 {[%clk 0:06:54]} Nf5 {[%clk 0:23:09]} 28. Ng5
{[%clk 0:06:39]} Qe7 {[%clk 0:22:09]} 29. Bf4 {[%clk 0:07:01]} Bd4
{[%clk 0:18:22]} 30. g4 {[%clk 0:05:42]} hxg4 {[%clk 0:18:27]} 31. hxg4
{[%clk 0:05:47]} Rh8+ {[%clk 0:18:12]} 32. Kg2 {[%clk 0:05:59]} Nh4+
{[%clk 0:18:16]} 33. Kg3 {[%clk 0:06:00]} Bxe5 {[%clk 0:17:17]} 34. Ne4
{[%clk 0:04:44]} Ng6 {[%clk 0:16:20]} 35. Rf1 {[%clk 0:02:17]} Qh4+
{[%clk 0:13:33]} 0-1

[Event "WCO 2016"]
[Site "?"]
[Date "2016.09.11"]
[Round "9"]
[Board "2"]
[WhiteID "14601982"]
[White "Krivec Jana"]
[BlackID "14312336"]
[Black "February Jesse Nikki"]
[Result "1-0"]
[BlackElo "1922"]
[WhiteElo "2259"]
[LiveChessVersion "1.4.8"]

1. e4 {[%clk 1:30:57]} e6 {[%clk 1:30:44]} 2. d4 {[%clk 1:31:21]} d5
{[%clk 1:31:07]} 3. Nc3 {[%clk 1:31:46]} Nf6 {[%clk 1:31:28]} 4. e5
{[%clk 1:32:10]} Nfd7 {[%clk 1:31:52]} 5. f4 {[%clk 1:32:34]} c5 {[%clk 1:31:58]}
6. Nf3 {[%clk 1:32:50]} Nc6 {[%clk 1:32:13]} 7. Be3 {[%clk 1:33:14]} a6
{[%clk 1:24:59]} 8. Qd2 {[%clk 1:33:04]} Be7 {[%clk 1:20:59]} 9. Be2
{[%clk 1:21:41]} b5 {[%clk 1:05:45]} 10. Nd1 {[%clk 1:19:34]} cxd4
{[%clk 0:54:20]} 11. Nxd4 {[%clk 1:19:48]} Bb7 {[%clk 0:53:02]} 12. O-O
{[%clk 1:16:11]} O-O {[%clk 0:42:22]} 13. c3 {[%clk 1:11:13]} Rc8
{[%clk 0:30:56]} 14. Nf2 {[%clk 0:55:44]} Qa5 {[%clk 0:22:08]} 15. Nd3
{[%clk 0:52:06]} Nxd4 {[%clk 0:14:05]} 16. Bxd4 {[%clk 0:51:50]} f6
{[%clk 0:13:28]} 17. exf6 {[%clk 0:51:43]} Nxf6 {[%clk 0:13:28]} 18. Qe3
{[%clk 0:51:43]} Ne4 {[%clk 0:08:02]} 19. Bb6 {[%clk 0:41:19]} Qa4
{[%clk 0:08:24]} 20. Bd1 {[%clk 0:32:57]} Qc4 {[%clk 0:08:37]} 21. Ne5
{[%clk 0:33:04]} Qc5 {[%clk 0:06:12]} 22. Bxc5 {[%clk 0:31:36]} Bxc5
{[%clk 0:06:36]} 23. Qxc5 {[%clk 0:30:54]} Nxc5 {[%clk 0:06:59]} 24. Bg4
{[%clk 0:31:06]} Rf6 {[%clk 0:05:02]} 25. g3 {[%clk 0:31:14]} Rc7
{[%clk 0:05:15]} 26. Nf3 {[%clk 0:25:47]} g6 {[%clk 0:03:40]} 27. Rfe1
{[%clk 0:24:19]} Ne4 {[%clk 0:02:48]} 28. a4 {[%clk 0:20:44]} Rc5
{[%clk 0:02:12]} 29. Nd4 {[%clk 0:05:17]} Bc8 {[%clk 0:02:09]} 30. axb5
{[%clk 0:05:43]} axb5 {[%clk 0:02:34]} 31. Ra8 {[%clk 0:06:05]} Kf7
{[%clk 0:02:20]} 32. Ra7+ {[%clk 0:01:21]} Kg8 {[%clk 0:02:31]} 33. Re7
{[%clk 0:01:38]} h5 {[%clk 0:02:41]} 34. Bh3 {[%clk 0:01:24]} Kf8
{[%clk 0:02:52]} 35. Rh7 {[%clk 0:00:52]} b4 {[%clk 0:01:05]} 36. cxb4
{[%clk 0:01:00]} Rc4 {[%clk 0:01:26]} 37. Nf3 {[%clk 0:01:07]} Kg8
{[%clk 0:01:26]} 38. Ra7 {[%clk 0:01:24]} Rxb4 {[%clk 0:01:39]} 39. Ra8
{[%clk 0:01:44]} Rf8 {[%clk 0:01:12]} 40. Rxc8 {[%clk 0:31:57]} Rxc8
{[%clk 0:31:11]} 41. Bxe6+ {[%clk 0:32:23]} Kg7 {[%clk 0:31:07]} 42. Bxc8
{[%clk 0:32:48]} 1-0

[Event "WCO 2016"]
[Site "?"]
[Date "2016.09.11"]
[Round "9"]
[Board "3"]
[WhiteID "14307553"]
[White "Fisher Michelle M"]
[BlackID "14605511"]
[Black "Vidic Teja"]
[Result "1/2-1/2"]
[BlackElo "2121"]
[WhiteElo "1701"]
[LiveChessVersion "1.4.8"]

1. e4 {[%clk 1:30:56]} e5 {[%clk 1:30:50]} 2. Nf3 {[%clk 1:31:19]} Nc6
{[%clk 1:31:16]} 3. d4 {[%clk 1:31:42]} exd4 {[%clk 1:31:41]} 4. Bc4
{[%clk 1:32:06]} Nf6 {[%clk 1:32:02]} 5. e5 {[%clk 1:31:58]} d5 {[%clk 1:31:17]}
6. Bb5 {[%clk 1:32:09]} Ne4 {[%clk 1:31:36]} 7. Nxd4 {[%clk 1:30:09]} Bd7
{[%clk 1:32:01]} 8. Nxc6 {[%clk 1:29:52]} bxc6 {[%clk 1:30:51]} 9. Bd3
{[%clk 1:29:13]} Bc5 {[%clk 1:17:36]} 10. O-O {[%clk 1:27:43]} O-O
{[%clk 1:16:35]} 11. Nd2 {[%clk 1:17:02]} Nxd2 {[%clk 1:08:25]} 12. Bxd2
{[%clk 1:17:18]} Re8 {[%clk 1:05:44]} 13. Bf4 {[%clk 1:07:47]} Rb8
{[%clk 1:04:40]} 14. b3 {[%clk 1:05:01]} Bb4 {[%clk 0:50:47]} 15. Rc1
{[%clk 0:52:16]} Ba3 {[%clk 0:45:29]} 16. Rb1 {[%clk 0:50:16]} Qc8
{[%clk 0:41:39]} 17. c3 {[%clk 0:46:57]} a5 {[%clk 0:29:24]} 18. Qc2
{[%clk 0:43:10]} h6 {[%clk 0:23:08]} 19. Rfe1 {[%clk 0:27:57]} Bf8
{[%clk 0:19:16]} 20. Rbd1 {[%clk 0:26:37]} Bg4 {[%clk 0:16:44]} 21. f3
{[%clk 0:25:14]} Be6 {[%clk 0:17:11]} 22. c4 {[%clk 0:23:51]} Qb7
{[%clk 0:16:38]} 23. cxd5 {[%clk 0:21:47]} cxd5 {[%clk 0:16:50]} 24. Be3
{[%clk 0:21:36]} c5 {[%clk 0:13:25]} 25. Qe2 {[%clk 0:15:31]} d4 {[%clk 0:07:20]}
26. Bd2 {[%clk 0:15:43]} a4 {[%clk 0:05:53]} 27. Rb1 {[%clk 0:14:05]} axb3
{[%clk 0:03:17]} 28. axb3 {[%clk 0:14:21]} Qc6 {[%clk 0:03:18]} 29. Bc4
{[%clk 0:13:33]} Bxc4 {[%clk 0:03:02]} 30. Qxc4 {[%clk 0:13:45]} Qb5
{[%clk 0:02:21]} 31. Qd5 {[%clk 0:12:08]} Qd3 {[%clk 0:01:48]} 32. Ba5
{[%clk 0:10:38]} Rb5 {[%clk 0:01:06]} 33. Bc7 {[%clk 0:10:26]} Qg6
{[%clk 0:00:55]} 34. Qd7 {[%clk 0:09:11]} Re7 {[%clk 0:00:36]} 35. Qxb5
{[%clk 0:09:12]} Rxc7 {[%clk 0:01:04]} 36. Rbd1 {[%clk 0:07:52]} Ra7
{[%clk 0:00:53]} 37. Qe2 {[%clk 0:06:10]} Rb7 {[%clk 0:00:53]} 38. Qc4
{[%clk 0:06:13]} Rb4 {[%clk 0:01:01]} 39. Qd3 {[%clk 0:05:00]} Qe6
{[%clk 0:01:03]} 40. Rb1 {[%clk 0:34:27]} g6 {[%clk 0:30:39]} 41. f4
{[%clk 0:28:02]} Kg7 {[%clk 0:27:41]} 42. g3 {[%clk 0:22:22]} Be7
{[%clk 0:26:12]} 1/2-1/2

[Event "WCO 2016"]
[Site "?"]
[Date "2016.09.11"]
[Round "9"]
[Board "4"]
[WhiteID "14601036"]
[White "Leonardi Caterina"]
[BlackID "14305003"]
[Black "Van Niekerk Lauren"]
[Result "1-0"]
[BlackElo "1643"]
[WhiteElo "2024"]
[LiveChessVersion "1.4.8"]

1. d4 {[%clk 1:30:48]} d5 {[%clk 1:30:51]} 2. Nf3 {[%clk 1:31:00]} e6
{[%clk 1:30:45]} 3. Bf4 {[%clk 1:31:01]} Nf6 {[%clk 1:30:40]} 4. e3
{[%clk 1:30:17]} b6 {[%clk 1:28:45]} 5. Bd3 {[%clk 1:29:12]} Bb7 {[%clk 1:27:52]}
6. O-O {[%clk 1:28:40]} Be7 {[%clk 1:25:34]} 7. Nc3 {[%clk 1:26:35]} c6
{[%clk 1:20:39]} 8. Ne5 {[%clk 1:25:09]} Nbd7 {[%clk 1:16:53]} 9. Bg3
{[%clk 1:24:14]} O-O {[%clk 1:10:50]} 10. f4 {[%clk 1:22:45]} c5 {[%clk 1:08:04]}
11. b3 {[%clk 1:20:11]} Ne4 {[%clk 1:04:21]} 12. Ne2 {[%clk 1:02:14]} f5
{[%clk 0:58:35]} 13. Bxe4 {[%clk 0:59:46]} dxe4 {[%clk 0:55:41]} 14. c4
{[%clk 0:58:39]} Nf6 {[%clk 0:50:15]} 15. Qe1 {[%clk 0:55:08]} Qe8
{[%clk 0:43:05]} 16. Rd1 {[%clk 0:49:18]} Rd8 {[%clk 0:37:34]} 17. Nc3
{[%clk 0:47:09]} Ba6 {[%clk 0:30:19]} 18. Rf2 {[%clk 0:43:27]} Rd6
{[%clk 0:28:01]} 19. Rfd2 {[%clk 0:41:38]} Qa8 {[%clk 0:22:37]} 20. d5
{[%clk 0:36:18]} exd5 {[%clk 0:20:41]} 21. Nxd5 {[%clk 0:35:01]} Nxd5
{[%clk 0:19:53]} 22. Rxd5 {[%clk 0:34:41]} Rdd8 {[%clk 0:15:55]} 23. Bh4
{[%clk 0:32:55]} Rxd5 {[%clk 0:10:26]} 24. Rxd5 {[%clk 0:32:33]} Bf6
{[%clk 0:06:40]} 25. Bxf6 {[%clk 0:29:45]} Rxf6 {[%clk 0:05:01]} 26. Qd1
{[%clk 0:28:35]} Rf8 {[%clk 0:05:02]} 27. Rd7 {[%clk 0:26:41]} Bb7
{[%clk 0:03:16]} 28. Qd6 {[%clk 0:26:28]} Re8 {[%clk 0:01:57]} 29. Qc7 1-0

[Event "WCO 2016"]
[Site "?"]
[Date "2016.09.11"]
[Round "9"]
[Board "5"]
[WhiteID "1308521"]
[White "Mueller-Seps Monika"]
[BlackID "1500953"]
[Black "Sahl Sheila Barth"]
[Result "1-0"]
[BlackElo "2181"]
[WhiteElo "2276"]
[LiveChessVersion "1.4.8"]

1. e4 {[%clk 1:30:54]} c5 {[%clk 1:30:54]} 2. Nc3 {[%clk 1:31:19]} a6
{[%clk 1:31:05]} 3. Nge2 {[%clk 1:31:34]} b5 {[%clk 1:30:37]} 4. g3
{[%clk 1:31:50]} Bb7 {[%clk 1:30:15]} 5. Bg2 {[%clk 1:32:16]} e6 {[%clk 1:29:02]}
6. a3 {[%clk 1:32:26]} Nf6 {[%clk 1:21:28]} 7. O-O {[%clk 1:32:38]} Nc6
{[%clk 1:16:55]} 8. e5 {[%clk 1:24:49]} Ng4 {[%clk 1:15:24]} 9. f4
{[%clk 1:22:50]} Qb6 {[%clk 1:11:51]} 10. d3 {[%clk 1:12:19]} d5 {[%clk 0:55:07]}
11. exd6 {[%clk 1:08:53]} Bxd6 {[%clk 0:55:25]} 12. Ne4 {[%clk 1:07:38]} Be7
{[%clk 0:55:42]} 13. h3 {[%clk 0:54:40]} Nf6 {[%clk 0:53:06]} 14. Be3
{[%clk 0:54:50]} Rd8 {[%clk 0:53:12]} 15. Qe1 {[%clk 0:46:47]} Nd4
{[%clk 0:39:50]} 16. Rc1 {[%clk 0:40:06]} Nxe2+ {[%clk 0:36:02]} 17. Qxe2
{[%clk 0:40:35]} Qc7 {[%clk 0:36:10]} 18. Nxf6+ {[%clk 0:35:45]} Bxf6
{[%clk 0:29:23]} 19. Bxb7 {[%clk 0:34:15]} Qxb7 {[%clk 0:29:47]} 20. Bxc5
{[%clk 0:34:42]} Bxb2 {[%clk 0:29:49]} 21. Rce1 {[%clk 0:20:30]} Qd5
{[%clk 0:24:36]} 22. Bb4 {[%clk 0:20:59]} Bc3 {[%clk 0:18:01]} 23. Bxc3
{[%clk 0:19:14]} Qc5+ {[%clk 0:18:29]} 24. Kh2 {[%clk 0:18:19]} Qxc3
{[%clk 0:18:55]} 25. f5 {[%clk 0:16:38]} Rd6 {[%clk 0:16:03]} 26. fxe6
{[%clk 0:16:14]} fxe6 {[%clk 0:16:01]} 27. Qf2 {[%clk 0:13:38]} Kd8
{[%clk 0:16:16]} 28. a4 {[%clk 0:13:11]} Rc6 {[%clk 0:12:36]} 29. axb5
{[%clk 0:12:54]} axb5 30. Ra1 {[%clk 0:12:47]} Rc8 {[%clk 0:13:23]} 31. Qb6+
{[%clk 0:08:13]} Qc7 {[%clk 0:13:48]} 32. Qd4+ {[%clk 0:08:34]} Qd7
{[%clk 0:14:05]} 33. Qf2 {[%clk 0:07:46]} Re8 {[%clk 0:14:13]} 34. Ra7
{[%clk 0:07:46]} Qc6 {[%clk 0:13:16]} 35. Qd4+ {[%clk 0:08:00]} Qd5
{[%clk 0:13:40]} 36. Qb6+ 1-0

[Event "WCO 2016"]
[Site "?"]
[Date "2016.09.11"]
[Round "9"]
[Board "6"]
[WhiteID "14105870"]
[White "Dolzhikova Olga"]
[BlackID "4612434"]
[Black "Heinatz Dr. Gundula"]
[Result "1/2-1/2"]
[BlackElo "2205"]
[WhiteElo "2167"]
[LiveChessVersion "1.4.8"]

1. e4 {[%clk 1:30:55]} e6 {[%clk 1:30:55]} 2. d4 {[%clk 1:30:58]} d5
{[%clk 1:31:20]} 3. e5 {[%clk 1:30:38]} c5 {[%clk 1:31:45]} 4. c3
{[%clk 1:31:04]} Nc6 {[%clk 1:32:06]} 5. Nf3 {[%clk 1:31:04]} Qb6
{[%clk 1:32:19]} 6. a3 {[%clk 1:31:02]} Nh6 {[%clk 1:32:22]} 7. b4
{[%clk 1:30:50]} cxd4 {[%clk 1:32:42]} 8. cxd4 {[%clk 1:31:13]} Nf5
{[%clk 1:32:55]} 9. Be3 {[%clk 1:31:36]} f6 {[%clk 1:31:58]} 10. exf6
{[%clk 1:22:09]} gxf6 {[%clk 1:32:22]} 11. Nc3 {[%clk 1:19:22]} Nxe3
{[%clk 1:31:32]} 12. fxe3 {[%clk 1:19:45]} Bh6 {[%clk 1:31:49]} 13. Qd3
{[%clk 1:14:38]} O-O {[%clk 1:27:28]} 14. Be2 {[%clk 1:08:34]} Ne7
{[%clk 1:25:23]} 15. O-O {[%clk 1:00:37]} e5 {[%clk 1:18:35]} 16. Na4
{[%clk 0:50:23]} Qd6 {[%clk 1:03:24]} 17. dxe5 {[%clk 0:41:59]} fxe5
{[%clk 1:03:51]} 18. e4 {[%clk 0:39:09]} d4 {[%clk 1:02:46]} 19. Qc4+
{[%clk 0:36:35]} Be6 {[%clk 0:50:57]} 20. Qc5 {[%clk 0:35:03]} Rad8
{[%clk 0:43:34]} 21. Nxe5 {[%clk 0:29:23]} b6 {[%clk 0:41:15]} 22. Qxd6
{[%clk 0:29:36]} Rxd6 {[%clk 0:41:43]} 23. Rxf8+ {[%clk 0:29:58]} Kxf8
{[%clk 0:41:49]} 24. Nb2 {[%clk 0:28:42]} Be3+ {[%clk 0:38:17]} 25. Kf1
{[%clk 0:24:44]} Ng6 {[%clk 0:37:48]} 26. Nbc4 {[%clk 0:18:53]} Bxc4
{[%clk 0:37:00]} 27. Nxc4 {[%clk 0:18:43]} Rf6+ {[%clk 0:34:35]} 28. Bf3
{[%clk 0:18:53]} Bf4 {[%clk 0:27:57]} 29. Rd1 {[%clk 0:12:32]} b5
{[%clk 0:27:10]} 30. Na5 {[%clk 0:12:44]} Be3 {[%clk 0:24:41]} 31. Nb3
{[%clk 0:10:01]} Rd6 {[%clk 0:24:59]} 32. Nc5 {[%clk 0:06:06]} Ne5
{[%clk 0:24:44]} 33. Ke2 {[%clk 0:05:53]} Ke7 {[%clk 0:20:28]} 34. a4
{[%clk 0:03:52]} bxa4 {[%clk 0:14:43]} 35. Ra1 {[%clk 0:04:11]} Rb6
{[%clk 0:06:17]} 36. Rxa4 {[%clk 0:04:02]} a5 {[%clk 0:06:05]} 37. Rxa5
{[%clk 0:03:32]} Rxb4 {[%clk 0:06:23]} 38. Nd3 {[%clk 0:02:07]} Nxd3
{[%clk 0:06:18]} 39. Kxd3 {[%clk 0:02:33]} Rb3+ {[%clk 0:04:19]} 40. Kc4
{[%clk 0:31:59]} Rc3+ {[%clk 0:34:09]} 41. Kd5 {[%clk 0:32:09]} d3
{[%clk 0:33:51]} 42. Ke5 {[%clk 0:19:38]} Rc5+ {[%clk 0:18:44]} 43. Rxc5
{[%clk 0:20:03]} Bxc5 {[%clk 0:19:06]} 44. Kf5 {[%clk 0:19:29]} Be3
{[%clk 0:18:48]} 45. Bd1 {[%clk 0:19:48]} h6 {[%clk 0:15:09]} 46. h3
{[%clk 0:17:47]} Bf2 {[%clk 0:13:19]} 47. Bb3 {[%clk 0:17:31]} Bg3
{[%clk 0:12:02]} 48. Kg6 {[%clk 0:17:49]} Bf4 {[%clk 0:12:22]} 49. g4
{[%clk 0:18:12]} Kd6 {[%clk 0:11:08]} 50. Kf6 {[%clk 0:17:02]} Be5+
{[%clk 0:10:48]} 51. Kf5 {[%clk 0:17:07]} Bg3 {[%clk 0:11:10]} 52. Bd1
{[%clk 0:17:18]} d2 {[%clk 0:11:08]} 53. Bb3 {[%clk 0:17:41]} Ke7
{[%clk 0:10:36]} 54. Kg6 {[%clk 0:17:22]} Bf4 {[%clk 0:11:01]} 55. h4
{[%clk 0:17:32]} Kf8 {[%clk 0:08:56]} 56. Kf5 {[%clk 0:16:17]} Bg3
{[%clk 0:08:29]} 57. g5 {[%clk 0:12:44]} hxg5 {[%clk 0:07:49]} 58. hxg5
{[%clk 0:13:03]} Bf2 {[%clk 0:07:51]} 59. Kf6 {[%clk 0:12:38]} Bc5
{[%clk 0:07:57]} 60. e5 {[%clk 0:08:03]} Bb4 {[%clk 0:08:15]} 61. g6
{[%clk 0:07:34]} Be7+ {[%clk 0:08:20]} 62. Ke6 {[%clk 0:07:56]} Bh4
{[%clk 0:08:39]} 1/2-1/2